Zdravie v kontexte prevencie s psychoneuroimunológiou

Nie všetky aspekty choroby je možné zredukovať na fakty overiteľné najexaktnejšími vedeckými metódami. Ak z prijateľných poznatkov, ktoré o chorobách máme, vylúčime prínos ľudskej skúsenosti a pochopenia súvislosti, obmedzujeme sa na veľmi úzky rámec. Dnes sa tvorí nová disciplína psychoneuroimunoló...

Description complète

Enregistré dans:
Détails bibliographiques
Auteur principal: Hudáková, Zuzana
Autres auteurs: Repová, Katarína, Aštaryová, Ivana
Format: Chapitre de livre
Langue:slovaque
Sujets:
Tags: Ajouter un tag
Pas de tags, Soyez le premier à ajouter un tag!

MARC

LEADER 00000naa a2200000 4500
001 0304767
005 20241023125058.7
041 0 |a slo 
044 |a CZ 
245 1 0 |a Zdravie v kontexte prevencie s psychoneuroimunológiou  |c Zuzana Hudáková, Katarína Repová, Ivana Aštaryová ... [et al.] 
520 |a Nie všetky aspekty choroby je možné zredukovať na fakty overiteľné najexaktnejšími vedeckými metódami. Ak z prijateľných poznatkov, ktoré o chorobách máme, vylúčime prínos ľudskej skúsenosti a pochopenia súvislosti, obmedzujeme sa na veľmi úzky rámec. Dnes sa tvorí nová disciplína psychoneuroimunológie (PNI), ktorá dospela do doby, keď máme veľmi presvedčivé dôkazy, že medzi mozgom a imunitným systémom existuje blízky vzťah. 
610 2 0 |a psychológia 
610 2 0 |a zdravie duševné 
610 2 0 |a stresy 
610 2 0 |a emócie 
610 2 0 |a disciplína vedná 
610 2 0 |a starostlivosť o zdravie 
610 2 0 |a prevencia 
100 1 |a Hudáková, Zuzana 
700 1 |a Repová, Katarína 
700 1 |a Aštaryová, Ivana